Ensina o teu filho a estudar (Registo nº 24180)

Detalhes MARC
000 -Etiqueta do registo
Valores 00504nam a22001691i 4500
010 ## - Número ISBN
ISBN 9789896263683
090 ## -
-- 24180
100 ## - Dados gerais de processamento
Dados gerais 20170304u u u0frey50 ba
101 0# - Língua de publicação
-- por
200 1# - Titulo e menção de responsabilidade
Primeira menção de responsabilidade Renato Paiva
Título próprio Ensina o teu filho a estudar
Informação de outro título estratégias e orientações práticas para pais, alunos e educadores
210 ## - Publicação
Nome do editor A Esfera dos Livros
Local de publicação Lisboa
Data de publicação 2014
215 ## - Descrição física 
Paginação / Volumes 259, [5] p.
Dimensões 23 cm
700 #1 - Autor principal (pessoa individual)
Apelido Paiva
Nome Renato
-- 070
702 #1 - Autor secundário (pessoa individual)
Apelido Cordeiro
Nome Mário
-- 080
801 ## - Fonte de origem
País PT
Regras de catalogação RPC
990 ## - Elementos KOHA
Tipo de documento Livro
Exemplares
Situação do levantamento Estado Biblioteca de origem Biblioteca de empréstimo Código de barras Cota Permissão de empréstimo Tipo de documento
  Completo Biblioteca Municipal de Viana Do Alentejo Biblioteca Municipal de Viana Do Alentejo 0030567 159.9 PAI Disponível Livro




Powered by Koha